Statistics for Premier League 2021/22 Spanish Players

Click here to take the quiz!

General Stats

  • This quiz has been taken 112 times
  • The average score is 19 of 28

Answer Stats

ClubPositionNumberPlayer% Correct
Manchester UnitedGK1David De Gea
98%
ChelseaGK1Kepa Arrizabalaga
95%
LiverpoolMF6Thiago Alcantara
93%
Manchester CityMF16Rodri
92%
ChelseaDF28Cesar Azpilicueta
90%
Manchester UnitedMF8Juan Mata
87%
Manchester CityFW21Ferran Torres
86%
LiverpoolGK13Adrian
85%
Manchester CityDF14Aymeric Laporte
84%
ArsenalDF2Hector Bellerin
84%
ChelseaDF3Marcos Alonso
82%
Tottenham HotspurDF3Sergio Reguilon
75%
Leicester CityFW17Ayoze Perez
74%
Leeds UnitedFW20Rodrigo
71%
WolvesFW37Adama Traore
70%
Crystal PalaceGK13Vicente Guaita
70%
SouthamptonMF6Oriol Romeu
65%
Brighton & Hove AlbionGK26Robert Sanchez
64%
ArsenalDF22Pablo Mari
60%
West Ham UnitedMFTBDPablo Fornals
55%
Leeds UnitedDF14Diego Llorente
52%
BrentfordGK1David Raya
51%
Newcastle UnitedDF19Javier Manquillo
44%
WolvesDF19Jonny
44%
Leeds UnitedDF3Junior Firpo
37%
BrentfordFW7Sergi Canos
34%
WatfordDF21Kiko Femenia
30%
WatfordDF32Marc Navarro
3%

Score Distribution

Percentile by Number Answered

Percent of People with Each Score

Your Score History

You have not taken this quiz